| 000 | 02636cam a2200481 i 4500 | ||
|---|---|---|---|
| 001 | 21541239 | ||
| 005 | 20230309111242.0 | ||
| 008 | 200517t20192019gw a b 000 0 eng c | ||
| 010 | _a 2020464427 | ||
| 020 | _a3832549935 | ||
| 020 | _a9783832549930 | ||
| 035 | _a(OCoLC)on1141423266 | ||
| 040 |
_aYDX _beng _cYDX _erda _dERASA _dOCLCQ _dOHX _dUBY _dOCLCO _dOCLCF _dDLC |
||
| 042 | _apcc | ||
| 043 |
_ame----- _aac----- |
||
| 050 | 0 | 0 |
_aDS33.3 _b.B49 2019 |
| 082 |
_a327.170958 _bBEY 2019 |
||
| 245 | 0 | 0 |
_aBeyond Europe : _breconnecting Eurasia / _cedited by Tadeusz Wallas, Andrzej Stelmach, Rafał Wiśniewski. |
| 264 | 1 |
_aBerlin : _bLogos Verlag Berlin, _c[2019] |
|
| 264 | 4 | _c©2019 | |
| 300 |
_a247 pages : _billustrations ; _c24 cm |
||
| 336 |
_atext _btxt _2rdacontent |
||
| 336 |
_astill image _bsti _2rdacontent |
||
| 337 |
_aunmediated _bn _2rdamedia |
||
| 338 |
_avolume _bnc _2rdacarrier |
||
| 504 | _aIncludes bibliographical references (pages [239]-242). | ||
| 520 | 8 | _aBeyond Europe: Reconnecting Eurasia' provides a timely and nuanced account of the great powers' policies towards Eurasia. It explores the role of Central Asia and the trends that are shaping the politics of the Eurasian megaregion. With the emphasis on the theme of `reconnection', this volume highlights the challenges of global and regional cooperation and excels in interpreting both the current realities of Eurasia and the driving forces behind them. The volume provides a broad and critical analysis of Eurasia's emergence as a viable geopolitical and geoeconomic powerhouse and discusses the megaregion's standing in foreign and security policies of both global as well as regional powers.'' = Prof. Marek Rewizorski, University of Gdansk, Poland. | |
| 648 | 7 |
_aSince 1991 _2fast _9110052 |
|
| 650 | 7 |
_aDiplomatic relations. _2fast _0(OCoLC)fst01907412 _96585 |
|
| 650 | 7 |
_aPolitics and government. _2fast _0(OCoLC)fst01919741 _91501 |
|
| 651 | 0 |
_aEurasia _xForeign relations. _9110053 |
|
| 651 | 0 |
_aAsia, Central _xPolitics and government _y1991- _9108817 |
|
| 651 | 0 |
_aAsia, Central _xForeign relations _y1991- _9110054 |
|
| 651 | 7 |
_aCentral Asia. _2fast _0(OCoLC)fst01240497 _9110055 |
|
| 651 | 7 |
_aEurasia. _2fast _0(OCoLC)fst01245058 _9110056 |
|
| 700 | 1 |
_aWallas, Tadeusz, _eeditor. _9110057 |
|
| 700 | 1 |
_aStelmach, Andrzej, _eeditor. _9110058 |
|
| 700 | 1 |
_aWiśniewski, Rafał, _d1977- _eeditor. _9110059 |
|
| 906 |
_a7 _bcbc _cpccadap _d3 _encip _f20 _gy-gencatlg |
||
| 942 |
_2ddc _cBK |
||
| 999 |
_c593603 _d593603 |
||